Harry Potter & Hunger Games Slot Machine Quiz Stats

Quiz Updated Oct 16, 2012

Challenge
Share
Tweet
The Hunger Games section is extra difficult since you have to remember which 3-letter groupings you've used.
Score 0/40 Timer 08:00
2 Plays Today
% Correct
REB 
95.8%
ELL 
95.8%
KER 
95.8%
MUT 
94.9%
TRI 
94.9%
OCK 
94.9%
JAB 
94.1%
EMA 
94.1%
ION 
94.1%
HAW 
91.9%
BER 
91.9%
THY 
91.9%
VOL 
89.1%
RNA 
89.1%
RNE 
89.1%
DIS 
87.6%
HTL 
87.6%
CTS 
87.6%
GAM 
86.2%
TAT 
86.2%
% Correct
EER 
86.2%
ABE 
85.5%
UNT 
85.5%
JAY 
85.5%
GRE 
84.7%
THO 
84.7%
ION 
84.7%
NIG 
79.8%
ASY 
79.8%
SAE 
79.8%
Jabberjay
70.1%
Rebellion
64.8%
Muttation
62.2%
Gamemaker
59.1%
Hawthorne
57%
Nightlock
53.1%
Volunteer
53%
Abernathy
50.8%
Districts
49.8%
Greasy Sae
45.2%

You're not logged in!

Compare scores with friends on all Sporcle quizzes.
Join for Free
OR
Log In

You Might Also Like...

Show Comments

Extras

Top Quizzes Today


Score Distribution

Your Account Isn't Verified!

In order to create a playlist on Sporcle, you need to verify the email address you used during registration. Go to your Sporcle Settings to finish the process.

Report this User

Report this user for behavior that violates our Community Guidelines.

Details: